[Event "Wuerttemberg-ch U12"]
[Site "Friedrichshafen"]
[Date "2005.03.30"]
[Round "4"]
[White "Holzer, Daniel"]
[Black "Zuferi, Enis"]
[Result "1-0"]
[WhiteElo "785"]
[BlackElo "1004"]
[PlyCount "61"]
[EventDate "2005.03.29"]
[EventType "swiss"]
[EventRounds "7"]
[EventCountry "GER"]
[SourceTitle "EXT 2007"]
[Source "ChessBase"]
[SourceDate "2006.11.23"]
[SourceVersion "1"]
[SourceVersionDate "2006.11.23"]
[SourceQuality "1"]

1. e4 e5 2. Nf3 Nc6 3. Bc4 d6 4. d3 Be7 5. d4 Bg4 6. Bb5 Nf6 7. d5 Nxe4 8. dxc6 0-0 9. cxb7 Rb8 10. Bc6 Nf6 11. Be3 Bxf3 12. Qxf3 e4 13. Qe2 Nd7 14. Bxa7 Ne5 15. Bxe4 d5 16. Bxb8 dxe4 17. Ba7 c5 18. b8Q Qd4 19. c3 Qd5 20. Qb3 Qc6 21. 0-0 c4 22. Qb6 Qc8 23. Qxe4 Bf6 24. Qeb7 Qg4 25. Qe3 h6 26. f4 Nd3 27. Qbf3 Qg6 28. Qee4 Bd4+ 29. Bxd4 Qd6 30. Qg3 g6 31. f5 1-0